000 00868nam a22002177a 4500
005 20240814175145.0
008 s2529 th tha d
040 _aNALT
041 _atha
100 0 _aจิตติ ติงศภัทิย์
245 1 0 _aหลักวิชาชีพนักกฎหมาย [2529]
260 3 _aกรุงเทพฯ :
_bสำนักพิมพ์มหาวิทยาลัยธรรมศาสตร์,
_c2529
300 _a215 หน้า ;
_b 26 ซม.
650 0 4 _aนักกฎหมาย
650 0 4 _aนักกฎหมาย -- จรรยาบรรณ
650 0 4 _aนักกฎหมาย -- รวมเรื่อง
850 _aNALT
942 _cLB
_03
_2lcc
999 _c18294
_d18294
998 _j25
_k นีลวัสน์ อินทรักษา
090 _aKU102 จ419ห 2529